Concordancias, motivos y comentarios del código civil español (Registro nro. 242709)

Detalles MARC
000 -ENCABEZADO
Número de control [NR] 01561c a2200277 4500
005 - FECHA Y HORA DE LA ÚLTIMA TRANSACCIÓN
control field 20140903175114.0
006 - DE LONGITUD FIJA DE DATOS ELEMENTOS - CARACTERÍSTICAS ADICIONALES DEL MATERIAL - INFORMACIÓN GENERAL
fixed length control field a
008 - DE LONGITUD FIJA DE DATOS DE ELEMENTOS - INFORMACIÓN GENERAL
Elementos de longitud fija [NR] 940704s1852 esp fr 000 0 spa d
035 ## - NUMERO DE CONTROL DEL SISTEMA [R]
Número de control del sistema [NR] 21GAD
040 ## - FUENTE DE CATALOGACION [NR]
Agencia de catalogación original [NR] UCAR
Idioma de catalogación [NR] spa
Quien Cataloga Sandra Yazo
Quien Clasifica Sandra Yazo
041 0# - CODIGO DE IDIOMA [R]
Código de idioma para texto/pista de sonido o título separado [R] Español
082 04 - NUMERO DE CLASIFICACION DECIMAL DEWEY [R]
Número de clasificación [R] 346.46
Número de la edición [NR] 20
092 ## - SIGNATURA TOPOGRAFICA LOCAL
Número de clasificación local E29N025
100 1# - ASIENTO PRINCIPAL--NOMBRE PERSONAL [NR]
Nombre personal [NR] García de Goyena, Florencio,
Fechas asociadas con el nombre [NR] 1783-1855
ID Autoridad 60868
245 10 - MENCION DE TITULO [NR]
Título [NR] Concordancias, motivos y comentarios del código civil español
Mención de responsabilidad, etc. [NR] por Florencio García Goyena
260 ## - PUBLICACION, DISTRIBUCION, ETC. (PIE DE IMPRENTA) [R]
Lugar de publicación, distribución, etc. [R] Madrid
Nombre del editor, distribuidor, etc. [R] F. Abienzo
Fecha de publicación, distribución, etc. [R] 1852
300 ## - DESCRIPCION FISICA [R]
Extensión [R] 4 tomos en dos volúmenes (500 ; 383 ; 512 ; 479 páginas)
Dimensiones [R] 24 x 16 cm.
500 ## - NOTA GENERAL [R]
Nota general [NR] Detalles físicos: Encuadernación rígida en cartón duro forrada en piel, lomo con tejuelos. Guardas en papel decorado. Portadas impresas en una sola tinta. Texto en una columna. Papel manchado.
505 ## - NOTA DE CONTENIDO CON FORMATO PREESTABLECIDO [R]
Nota de contenido con formato preestablecido [NR] V.1-2: De las personas, De la división de los bienes y de la propiedad -- De los modos de adquirir la propiedad -- V.-3-4: De los contratos y obligaciones en general -- De la sociedad.
650 #7 - ASIENTO SECUNDARIO DE MATERIA - TERMINO TEMATICO [R]
9 (RLIN) 12765
Término temático o nombre geográfico como elemento de entrada [NR] Derecho español
650 #7 - ASIENTO SECUNDARIO DE MATERIA - TERMINO TEMATICO [R]
9 (RLIN) 38004
Término temático o nombre geográfico como elemento de entrada [NR] Derecho civil
Subdivisión geográfica [R] España
690 ## - ASUNTO AGREGADO LOCAL DE ENTRADA - TÉRMINO TEMÁTICO (OCLC, RLIN)
9 (RLIN) 42766
Acceso temático local Derecho civil
856 41 - LOCALIZACION Y ACCESO ELECTRONICOS [R]
Nota dirigida al público [R] Disponible en línea V.1-2
Identificador Uniforme del Recurso (“URI”) [R] <a href="http://books.google.com.co/books?id=JMwWAAAAYAAJ&printsec=frontcover&hl=es&source=gbs_ge_summary_r&cad=0#v=onepage&q&f=false">http://books.google.com.co/books?id=JMwWAAAAYAAJ&printsec=frontcover&hl=es&source=gbs_ge_summary_r&cad=0#v=onepage&q&f=false</a>
856 41 - LOCALIZACION Y ACCESO ELECTRONICOS [R]
Nota dirigida al público [R] Disponible en línea V.3-4
Identificador Uniforme del Recurso (“URI”) [R] <a href="http://books.google.com.co/books?id=dueKpkBFepUC&printsec=frontcover&hl=es&source=gbs_ge_summary_r&cad=0#v=onepage&q&f=false">http://books.google.com.co/books?id=dueKpkBFepUC&printsec=frontcover&hl=es&source=gbs_ge_summary_r&cad=0#v=onepage&q&f=false</a>
942 ## - ELEMENTOS DE ENTRADA AGREGADOS (KOHA)
Tema principal 8
Tipo de ítem principal el descrito en 300a Libro
Edición 1
Sistema de clasificación DEWEY
Clasificación 346.46
Existencias
Suprimido Perdido Sistema de clasificación Dañado No prestable Tipo de ítem específico Ubicación habitual Ubicación actual Localización Fecha de creación Forma de adquisición Costo Volúmen / Fascículo Total préstamos Signatura topográfica Código de barras Última vez visto Ejemplar Price effective from Tipo de ítem
    LOCAL     Libro archivo Archivo Histórico Archivo Histórico Archivo histórico 12/05/2014 Donación 0.00 V.1-2   E29N025 L004114 12/05/2014 Ej.1 12/05/2014 Libro
    LOCAL     Libro archivo Archivo Histórico Archivo Histórico Archivo histórico 12/05/2014 Donación 0.00 V.3-4   E29N025 L004115 12/05/2014 Ej.1 12/05/2014 Libro